01954naa a2200229 i 45000010005000000030009000050050017000140080039000310400021000700410013000910800008001041000127001122450114002392460096003535000021004495200745004706500021012156550030012367000132012667110148013987730178015462660KOSZ 00520180203104520.0151209s2009 pl f |100 0 pol cBPKdKOSZ 005/EG apolbeng a5341 aCHROBAK, Łukasz.d2011 - .bPolitechnika Koszalińska - Wydział Elektroniki i Informatyki,cKatedra Podstaw Elektroniki10aBadanie i analiza wpływu fal plazmowych na sygnał fotoakustyczny / cŁukasz Chrobak, Mirosław Maliński.31aInvestigation and analyzis of the influence of the plasma waves on the photoacoustic signal aDane z autopsji. aArtykuł przedstawia rezultaty teoretycznych i eksperymentalnych badań przeprowadzonych dla próbek krzemowych. Celem badań było znalezienie i sprawdzenie najlepszej konfiguracji eksperymentalnej do detekcji i pomiarów fal plazmowych. Przebadanymi i wyznaczonymi parametrami materiału krzemowego był czas życia nośników nadmiarowych, dyfuzyjność nośników, prędkość rekombinacji powierzchniowych oraz dyfuzyjność termiczna. Artykuł ten udowadnia, że istnieje jedna najlepsza konfiguracja do obserwacji i detekcji fal plazmowych przy zastosowaniu metody fotoakustycznej. W niniejszej pracy przedstawiono również metodę wyznaczania wymiennych parametrów przy wykorzystaniu przebadanej konfiguracji. 0aFale akustyczne. 0aMateriały konferencyjne.1 aMALIŃSKI, Mirosław.d1996 - .bPolitechnika Koszalińska - Wydział Elektroniki i Informatyki,cKatedra Podstaw Elektroniki22aKrajowa Konferencja Studentów i Młodych Pracowników Nauki "XXI wiek erą elektroniki i teleinformatyki"n(6 ;d2009 ;cKoszalin, Polska).0 iW :tModele inżynierii teleinformatyki : (wybrane zastosowania). 4 / red. Krzysztof Bzdyra. -dKoszalin : Wydaw. Uczelniane Politechniki Koszalińskiej, 2009. -gs. 46-56